2019 PFWA All-Rookie Team NFL - Statistics

General Stats
  • This quiz has been taken 51 times
  • The average score is 13 of 27
Answer Stats
Position Player Team % Correct
QB Kyler Murray Cardinals
100%
RB Josh Jacobs Raiders
93%
WR A. J. Brown Titans
90%
RB Miles Sanders Eagles
83%
DL Nick Bosa 49ers
83%
TE Noah Fant Broncos
80%
WR Terry McLaurin Redskins
73%
DL Josh Allen Jaguars
68%
LB Devin White Buccaneers
65%
DL Dexter Lawrence Giants
65%
DL Ed Oliver Bills
60%
LB Devin Bush Jr. Steelers
53%
S Darnell Savage Packers
50%
KR Mecole Hardman Chiefs
40%
CB Chauncey Gardner-Johnson Saints
35%
LB Dre Greenlaw 49ers
35%
C Erik McCoy Saints
33%
S Juan Thornhill Chiefs
28%
T Tytus Howard Texans
25%
PR Deonte Harris Saints
23%
G Elgton Jenkins Packers
23%
T Jawaan Taylor Jaguars
23%
CB Sean Murphy-Bunting Buccaneers
23%
G Dalton Risner Broncos
15%
K Austin Seibert Browns
8%
P Jamie Gillan Browns
8%
ST Drue Tranquill Chargers
5%
No matching quizzes found
Score Distribution
Percent of People with Each Score
Percentile by Number Answered
Your Score History
You have not taken this quiz